| 000 | 00625nam a22002177a 4500 | ||
|---|---|---|---|
| 003 | UA-OsUOA | ||
| 001 | 108538 | ||
| 007 | ta | ||
| 008 | 20141027b un ||||| |||| 00| 0 ukr d | ||
| 100 | _aХимка Іван-павло | ||
| 090 |
_a94(477) _bХ46 |
||
| 942 | _cSA | ||
| 040 |
_aUA-OsUOA _bukr _cUA-OsUOA _dUA-OsUOA |
||
| 245 | _aНаш історик, наша епоха: Іван Лисяк-Рудницький | ||
| 300 | _aС.4-9 | ||
| 955 | _a0 | ||
| 041 | _aukr | ||
| 080 | _a94(477) | ||
| 773 | 0 |
_w108537 _tКритика _dК. _d2014 _g4 |
|
| 650 | 7 |
_a9 Географія. Біографії. Історія _2UDC |
|
| 999 |
_c395012 _d395012 |
||